000
00251nam a2200109Ia 4500
008
190912s9999||||xx |||||||||||||| ||und||
100
_a
Stephen,James
245
0
_a
Step Ahead
260
_a
Singapore
_b
Penguin Books
_c
1995
300
_a
103
942
_c
BK
999
_c
7296
_d
7296